<?xml version="1.0" encoding="UTF-8"?>
<collection xmlns="http://www.loc.gov/MARC21/slim">
 <record>
  <leader>00615pamaa2200205   4500</leader>
  <controlfield tag="001">0000037809</controlfield>
  <controlfield tag="005">20130314090000.0</controlfield>
  <datafield tag="020" ind1="0" ind2="0">
   <subfield code="a">0131273914 (pbk) </subfield>
  </datafield>
  <datafield tag="082" ind1=" " ind2=" ">
   <subfield code="a">005.12 HOF 2005</subfield>
  </datafield>
  <datafield tag="090" ind1="0" ind2="0">
   <subfield code="a">QA76.9.S88 </subfield>
   <subfield code="b">HOF 2005</subfield>
  </datafield>
  <datafield tag="100" ind1="1" ind2="0">
   <subfield code="a">Hoffer </subfield>
  </datafield>
  <datafield tag="245" ind1="1" ind2="0">
   <subfield code="a">Modern Systems Analysis and Design  </subfield>
   <subfield code="c">Jeffrey A. Hoffer, Joey F. George and Joseph S. Valacich.</subfield>
  </datafield>
  <datafield tag="250" ind1="0" ind2="0">
   <subfield code="a">4th ed.</subfield>
  </datafield>
  <datafield tag="260" ind1="0" ind2="0">
   <subfield code="a">New Jersey: </subfield>
   <subfield code="b">Pearson Prentice Hall, </subfield>
   <subfield code="c">2005.</subfield>
  </datafield>
  <datafield tag="300" ind1=" " ind2=" ">
   <subfield code="a">xxxiii, 683p.: </subfield>
   <subfield code="b">col. ill.; </subfield>
   <subfield code="c">28 cm.</subfield>
  </datafield>
  <datafield tag="501" ind1="0" ind2="0">
   <subfield code="a">DMIT</subfield>
  </datafield>
  <datafield tag="650" ind1="0" ind2="0">
   <subfield code="a">System design </subfield>
  </datafield>
  <datafield tag="650" ind1="0" ind2="0">
   <subfield code="a">System analysis </subfield>
  </datafield>
  <datafield tag="700" ind1="1" ind2="1">
   <subfield code="a">Valacich, </subfield>
   <subfield code="h">Joseph S. </subfield>
  </datafield>
  <datafield tag="700" ind1="1" ind2="1">
   <subfield code="a">George, </subfield>
   <subfield code="h">Joey F. </subfield>
  </datafield>
 </record>
</collection>
